000 01057nam a2200313 i 4500
001 000004063
003 DO-SdBNP
005 20260309112351.0
007 ta
008 090716s1993 dr ac r 000 0 spa d
020 _a9789993442721
040 _aDO-SdBNP
_bspa
_cBNPHU
_erda
041 _aspa
082 4 _a972.93053
_bB171p 1993
_222
100 1 _a Balaguer, Joaquín,
_d1906-2002
_eautor
_4aut.
_976556
245 1 3 _aLa palabra encadenada /
_cJoaquín Balaguer.
264 1 _aSanto Domingo :
_bEditora Corripio,
_c1993.
300 _a420 páginas :
_bilustraciones, retratos ;
_c25 cm.
336 _atexto
_btxt
_2rdacontent
337 _asin mediación
_bn
_2rdamedia
338 _avolumen
_bnc
_2rdacarrier
490 1 _aDiscursos
_v4
590 _aInventariado, 2019/BT
600 1 0 _a Balaguer, Joaquín,
_d1906-2002
_xEnsayos, conferencias, etc.
_976556
651 4 _aRepública Dominicana
_xHistoria
_9170
651 4 _aRepública Dominicana
_xPolítica y gobierno
_y1930-1961
_9479
910 _aValidado. Control de calidad MFF
942 _2ddc
_cLBS1
999 _c3882
_d3882